El desplazamiento forzado en Colombia : (Registro nro. 50179)

Detalles MARC
000 -LEADER
fixed length control field 01235nam a2200301 4500
001 - CONTROL NUMBER
control field 0000023963
003 - CONTROL NUMBER IDENTIFIER
control field CO-CtgCURN
005 - DATE AND TIME OF LATEST TRANSACTION
control field 20251015220515.0
008 - FIXED-LENGTH DATA ELEMENTS--GENERAL INFORMATION
fixed length control field 160627s2013 000 0 eng d
020 ## - INTERNATIONAL STANDARD BOOK NUMBER
International Standard Book Number 9789587614206
040 ## - CATALOGING SOURCE
Original cataloging agency CO-CtgCURN
Language of cataloging spa
Transcribing agency coctgcurn
082 0# - DEWEY DECIMAL CLASSIFICATION NUMBER
Classification number 307.24
Item number R934
100 1# - MAIN ENTRY--PERSONAL NAME
Personal name Ruiz Ruiz, Nubia Yaneth.
245 13 - TITLE STATEMENT
Title El desplazamiento forzado en Colombia :
Remainder of title poblacion, territorio y violencia /
Statement of responsibility, etc. Nubia Yaneth Ruiz Ruiz.
260 ## - PUBLICATION, DISTRIBUTION, ETC.
Place of publication, distribution, etc. Bogotá :
Name of publisher, distributor, etc. Universidad Nacional de Colombia,
Date of publication, distribution, etc. 2013.
300 ## - PHYSICAL DESCRIPTION
Extent 348 p.
336 ## - CONTENT TYPE
Source rdacontent
337 ## - MEDIA TYPE
Source rdamedia
Media type term sin mediacion
Media type code n
338 ## - CARRIER TYPE
Source rdacarrier
Carrier type term volumen
Carrier type code nc
490 1# - SERIES STATEMENT
Series statement Dirección de Investigaciones sede Bogotá
500 ## - GENERAL NOTE
General note Incluye indices y anexos.
504 ## - BIBLIOGRAPHY, ETC. NOTE
Bibliography, etc. note Incluye bibliografia p. (295-301)
505 8# - FORMATTED CONTENTS NOTE
Formatted contents note Marco conceptual, metodologico y de contexto -- Caracteristicas demograficas de la poblacion desplazada -- Pautas de distribucion territorial de la poblacion desplazada -- Variables del desplazamiento forzado -- Conclusiones
650 #0 - SUBJECT ADDED ENTRY--TOPICAL TERM
Topical term or geographic name entry element Desplazamiento forzado
Geographic subdivision Colombia.
908 ## - PUT COMMAND PARAMETER (RLIN)
Put command parameter 160627
942 ## - ADDED ENTRY ELEMENTS (KOHA)
Koha item type Libros
Classification part 307.24
Item part R934
Source of classification or shelving scheme Dewey Decimal Classification
999 ## - SYSTEM CONTROL NUMBERS (KOHA)
-- 1
Existencias
Withdrawn status Lost status Source of classification or shelving scheme Damaged status Not for loan Home library Current library Shelving location Date acquired Total checkouts Full call number Barcode Date last seen Price effective from Koha item type
    Dewey Decimal Classification     Miguel Henríquez Castañeda Miguel Henríquez Castañeda General 03/04/2019   307.24 R934 016808 03/04/2019 03/04/2019 Libros